| 000 | 00426nam a2200169Ia 4500 | ||
|---|---|---|---|
| 008 | 221030s9999 xx 000 0 und d | ||
| 020 | _a0070648182 | ||
| 041 | _aEnglish | ||
| 082 | _a105.23 | ||
| 100 | _aS. Salivahanan | ||
| 245 | 0 |
_aLinear Integrated Circuits _cby S. Salivahanan, V. S. K. Bhaaskaran |
|
| 260 |
_bTMH _aNew Delhi _c2009 |
||
| 300 | _a662 | ||
| 650 | _aECE | ||
| 700 | _aV. S. K. Bhaaskaran | ||
| 942 | _cBK | ||
| 999 |
_c8976 _d8976 |
||